Parasitologie domácích zvířat /

Uložené v:
Podrobná bibliografia
Hlavný autor: Skrjabin, Konstantin Ivanovič 1878-1972 (Author)
Médium: Kniha
Jazyk:Czech
Russian
Vydané: Praha : SZN, 1956.
Vydanie:1. vyd.
ISBN: (viaz.)
Fyzický popis: 283 s.
Tagy: Pridať tag
Žiadne tagy, Buďte prvý kto otaguje tento záznam!

MARC

LEADER 00000cam a22000007a 4500
001 000487708
005 20150808161553.0
008 981201 1956 xr e cze d
020 |a (viaz.)  |c KČs 28,20 
040 |a SVKKK  |b slo  |c SVKKK  |e AACR2 
041 1 |a cze  |h rus 
044 |a xr  |c CZ 
245 0 0 |a Parasitologie domácích zvířat /  |c Konstantin Ivanovič Skrjabin ... [et al.]. 
250 |a 1. vyd. 
260 |a Praha :  |b SZN,  |c 1956. 
300 |a 283 s. 
366 |e 2000 výt. 
700 1 |a Skrjabin, Konstantin Ivanovič  |d 1878-1972  |4 aut 
910 |a svkkk 
998 |a BK 
090 |g SCKHL  |k Sklad Pribinova 1. posch.  |a IV.10695  |j 130711  |i 487708-10  |s Vyradená